Studies in First Corinthians. (Record no. 5766)

000 -LEADER
fixed length control field 00772nam a2200205 a 4500
001 - CONTROL NUMBER
control field :::00003508$&:&@@
003 - CONTROL NUMBER IDENTIFIER
control field OkBaRHE
005 - DATE AND TIME OF LATEST TRANSACTION
control field 20000607103306.0
008 - FIXED-LENGTH DATA ELEMENTS--GENERAL INFORMATION
fixed length control field j 000 0 eng u
040 ## - CATALOGING SOURCE
Transcribing agency
100 1# - MAIN ENTRY--PERSONAL NAME
Personal name Hughes, Albert.
245 10 - TITLE STATEMENT
Title Studies in First Corinthians.
260 ## - PUBLICATION, DISTRIBUTION, ETC. (IMPRINT)
Place of publication, distribution, etc Toronto, CA., :
Name of publisher, distributor, etc Crusader Press
Date of publication, distribution, etc nd
300 ## - PHYSICAL DESCRIPTION
Extent 314 p. ;
Dimensions 20 cm.
650 ## - SUBJECT ADDED ENTRY--TOPICAL TERM
Topical term or geographic name as entry element Bible New Testament 1 Corinthians
General subdivision Study
942 ## - ADDED ENTRY ELEMENTS (KOHA)
Source of classification or shelving scheme
Koha item type Books
Copies
Full call number Date acquired Source of classification or shelving scheme Damaged status Koha item type Withdrawn status Copy number Date last seen Permanent Location Not for loan Shelving location Lost status Barcode Price effective from
BS 2675.3 .H7882010-04-14  Books 12018-04-03RHEMA Bible Training College General Stacks 35082010-04-14
BS 2675.3 .H7882010-04-14  Books 22018-04-03RHEMA Bible Training College General Stacks 204862010-04-14
BS 2675.3 .H7882010-04-14  Books 32018-04-03RHEMA Bible Training College General Stacks 207542010-04-14